| 000 | 00501nam a2200181Ia 4500 | ||
|---|---|---|---|
| 999 |
_c16336 _d16336 |
||
| 003 | OSt | ||
| 005 | 20200606115910.0 | ||
| 008 | 190216s9999||||xx |||||||||||||| ||und|| | ||
| 020 | _a8190167022 | ||
| 040 | _cMESKC library | ||
| 082 |
_a891.433 _bDHO/K |
||
| 100 |
_aDhoomakethu _9223 |
||
| 245 | 0 |
_aKarnavathi / _cDhoomakethu |
|
| 260 |
_bSanmarg Sahithya Parishath, _aDelhi: _c2004. |
||
| 300 | _a248p | ||
| 650 | _aHindi | ||
| 942 |
_cBK _2ddc _h891.433 _iDHO/K _k891.433 _mDHO/K |
||